| 000 | 00571nam a2200205Ia 4500 | ||
|---|---|---|---|
| 005 | 20260429112304.0 | ||
| 008 | 260429s9999||||xx |||||||||||||| ||und|| | ||
| 020 | _a9781639879267 | ||
| 041 | _aEnglish | ||
| 082 |
_a371.3 _bSAF |
||
| 100 | _aSaffari, Hilda | ||
| 245 | 0 |
_aPedagogy and innovative learning environments / _cHilda Saffari |
|
| 250 | _a1st ed. | ||
| 260 |
_aNew York : _bMurphy & Moore Publishing, _c2025. |
||
| 300 | _aix, 316 p.; hb | ||
| 650 | _a Educational innovation | ||
| 650 | _a Learning environments | ||
| 650 | _aPedagogy | ||
| 942 | _cTB | ||
| 999 |
_c53333 _d53333 |
||